00640nam a22002057a 450000500170000001000240001702000270004103500170006803500130008503700360009803700130013408200100014710000180015724500780017525000160025326000510026927000880032030000200040870000060042820230628163532.0 a1516EN07 ENG-116122 a9788184881059c1500.00 aB-601913-924 aEN-99654 aDPLbHimalaya Publishing House  bDBAD/PUB a332.1 aMithani, D.M. aMoney, banking, international trade and public finance /cby D.M. Mithani a17th rev ed aNew DelhibHimalaya Publishing House c2014-15 aPooja Apartments, 4-B, Murari Lal Street, Ansari Road Dariy GanjbNew Delhie110002 a731p.b27cm(Hb) d.